00419nam a2200145Ia 4500008004100000020001800041041000800059082001800067100004800085245006700133250000600200260003800206300001600244365001300260210423s2011 xx 000 0 und d a9780070584006 aeng a658.4034 BROR aBRONSON (Richard);NAADIMUTHU (Govindasami). aSchaums outline of theory and problems of operations research. a2 aNew DelhibTata McGraw-hillc2011 avii,456bPB b250cINR